000 00709nam a2200265Ia 4500
003 OSt
005 20221006150621.0
006 a|||||r|||| 00| 0
007 ta
008 221006b |||||||| |||| 00| 0 jpn d
020 _c¥980 (each)
024 _a19,251
037 _bGift, Japan Foundation
_cTextual
040 _aEASL
_cEASL
_bjpn
041 _2jpn
_ajpn
082 _aV42y7J98, K7.1-.4
100 _aYOSHIKAWA Eiji
245 0 _aTaikoki. (4 Vols.)
260 _aTokyo
_bKodansha Japan
_c1967
300 _ap.
_ccm.
490 _v V.1JL
650 _aJL
942 _hV42y7J98, K7.1-.4
_cTEXL
_2CC
999 _c1087337
_d1087337